Návrh robotizovaného technologického pracoviska na zváranie členitých zvarkov : Diplomová práca

Gespeichert in:
Bibliographische Detailangaben
1. Verfasser: Krchnárová-Fábryová, Iveta (Verfasst von)
Weitere Verfasser: Kováčik, Jozef (xxx)
Format: Manuskript Buch
Sprache:Slowakisch
Veröffentlicht: Trnava : SVŠT v Bratislave StF KMARTP, 1988
Schlagworte:
Tags: Tag hinzufügen
Keine Tags, Fügen Sie das erste Tag hinzu!

MARC

LEADER 00000ntm a22000003a 4500
001 stu76115
005 20160719162710.3
008 020617s1988----cs------------------slo-d
040 |a STU  |b slo 
041 0 |a slo 
044 |a cs 
100 1 |a Krchnárová-Fábryová, Iveta  |4 aut 
245 1 |a Návrh robotizovaného technologického pracoviska na zváranie členitých zvarkov :  |b Diplomová práca 
260 |a Trnava :  |b SVŠT v Bratislave StF KMARTP,  |c 1988 
300 |a 60 s  |c abstr. + príl. 
650 7 |a technologické pracoviská  |2 stusub 
650 7 |a členité zvarky  |2 stusub 
650 7 |a strojárske technológie  |2 stusub 
700 1 |a Kováčik, Jozef  |4 xxx 
996 |b 284M036923  |c M*DP-1623  |l MMSKP  |s P  |a 0  |w stu76115_0001